| 000 | 00864nam a2200205Ia 4500 | ||
|---|---|---|---|
| 003 | GCL | ||
| 008 | 140319s9999 xx 000 0 ara d | ||
| 040 |
_aGCL / _cGCL |
||
| 082 | 0 | 4 |
_aط _b239.9 _bد أ |
| 100 | 1 | _aدرويش الزفتاوى | |
| 245 | 1 | 0 |
_aالمقداد بن عمرو: رجل بالف رجل, الجرود بشد بن عمرو العبدى: رجل اثنى عليه الرسول ص, الطفيل بن عمرو الدوسى: رجل لة اية / _cدرويش الزفتاوى |
| 300 | _a41 ص | ||
| 490 |
_aرجال احبهم الرسول صلى اللة عليه و سلم _v0 |
||
| 650 | 0 | 4 | _aالاطفال |
| 650 | 0 | 4 | _aالصحابة والتابعون |
| 650 | 0 | 4 | _aالمقداد بن عمرو |
| 650 | 0 | 4 | _aالجرود بن بشر بن عمرو العبدى |
| 650 | 0 | 4 | _aالطفيل بن عمرو الدوسى |
| 942 |
_2ddc _cBK |
||
| 999 |
_c51158 _d51158 |
||